000 00921cab a2200277 4500
001 WB3231-62
008 090401t1996 xxu||||| |||| 00| 0 eng d
035 _a(Sirsi) u69744
041 _aeng
245 _aBig two shape brewing market
260 _c1996
350 _a0
490 _aSunday Times
_v4 August 1996, 7
490 _aSunday Telegraph
_v4 August 1996, 19
490 _aDaily Telegraph
_v10 August 1996, B2(5)
520 _aConsiders the future trends for pubs in light of the takeover of Calsberg Tetley by Bass. Argues that the most important features of a pub are its individuality and the efficiency of its licensee. Includes market share and pub ownership statistics.
650 _aBASS
650 _aBREWERS
650 _aCARLSBERG-TETLEY
650 _aLEISURE
650 _aPUBLIC HOUSES
650 _aPUBS
690 _aLEISURE AND RECREATION
942 _n0
948 _c04/03/1997
999 _c43837
_d43837